Statistics for Pokémon used by Team Skull and Aether Foundation Executives and Leaders

Click here to take the quiz!

General Stats

  • This quiz has been taken 72 times
    (13 since last reset)
  • The average score is 12 of 23

Answer Stats

TrainerPokémon% Correct
GuzmaGolisopod
100%
LusamineClefable
82%
FabaHypno
73%
PlumeriaSalazzle
73%
Faba (Pokemon League)Alakazam
64%
GuzmaPinsir
64%
Guzma (Hau'oli City)Scizor
64%
PlumeriaGolbat
55%
LusamineLilligant
55%
GuzmaMasquerain
55%
LusamineMilotic
55%
Plumeria (Pokemon LeagueMuk (Alola)
55%
Faba (Pokemon League)Raichu (Alola)
55%
PlumeriaSalandit
55%
LusamineBewear
45%
Plumeria (Pokemon League)Crobat
45%
FabaSlowbro
45%
FabaBruxish
36%
LusamineLopunny
36%
LusamineMismagius
36%
Plumeria (Pokemon League)Toxapex
36%
GuzmaAriados
27%
Plumeria (Pokemon League)Gengar
27%

Score Distribution

Percentile by Number Answered

Percent of People with Each Score

Your Score History

You have not taken this quiz since the last reset